[Event "8th RUS-CHN Summit Women Rapid"]
[Site "St Petersburg RUS"]
[Date "2012.07.07"]
[Round "3"]
[White "Kovanova,B"]
[Black "Huang Qian"]
[Result "1/2-1/2"]
[WhiteElo "2391"]
[BlackElo "2443"]

1.e4 c5 2.Nf3 d6 3.Bb5+ Nc6 4.O-O Bd7 5.Re1 a6 6.Bf1 Nf6 7.c3 Bg4 8.h3 Bxf3
9.Qxf3 g6 10.Qd1 Bg7 11.d4 cxd4 12.cxd4 e5 13.d5 Nd4 14.Be3 Nd7 15.Nd2 O-O
16.Nb3 Qb6 17.Qd2 Rac8 18.Bxd4 exd4 19.Rad1 Nc5 20.Nxc5 Rxc5 21.Rc1 Rfc8
22.Bd3 a5 23.g3 Qb4 24.Qxb4  1/2-1/2

[Event "FSIM July 2012"]
[Site "Budapest HUN"]
[Date "2012.07.08"]
[Round "2.4"]
[White "Xu,Yi"]
[Black "Szalanczy,E"]
[Result "1/2-1/2"]
[WhiteElo "2165"]
[BlackElo "2272"]

1.e4 c5 2.Nf3 d6 3.Bb5+ Nd7 4.d4 Nf6 5.Nc3 cxd4 6.Qxd4 e5 7.Qd3 h6 8.O-O Be7
9.Be3 O-O 10.Bc4 Nb8 11.h3 Nc6 12.a3 Be6 13.Nd5 Na5 14.Nxf6+ Bxf6 15.Bxe6 fxe6
16.Rad1 Be7 17.b4 Nc6 18.c4 Qe8 19.b5 Nd8 20.c5 Nf7 21.cxd6 Bxd6 22.Qb3 a6
23.bxa6 bxa6 24.Rd3 Qb5 25.a4 Qxb3 26.Rxb3 Rfc8 27.Rb6 Rc4 28.Rd1 Bf8 29.a5 Ra4
30.Rxe6 Rxa5 31.Rd7 Ra4 32.Nxe5 Nxe5 33.Rxe5 a5 34.Bd4 Rc4 35.Re6 Kh7 36.Rb6 Rxd4
37.Rxd4 Bc5 38.Rbd6 Bxd4 39.Rxd4 a4 40.Rd2 a3 41.Ra2 Kg6 42.Kf1 Ra4 43.f3 Kg5
44.g3 h5 45.h4+ Kf6 46.Ke2 g5 47.hxg5+ Kxg5 48.Ke3 Kf6 49.Kd3 Ke5 50.Kc3 Ra8
51.Kb4 Kd4 52.Rxa3 Rb8+ 53.Ka5 Rg8 54.f4 Ra8+ 55.Kb4 Rb8+ 56.Ka5 Kxe4 57.Rc3 Rb1
58.Rc5 h4 59.gxh4  1/2-1/2

[Event "9th South Wales Int"]
[Site "Penarth WLS"]
[Date "2012.07.08"]
[Round "3.14"]
[White "Van Kemenade,R"]
[Black "Freeland,Alex"]
[Result "0-1"]
[WhiteElo "2014"]
[BlackElo "1792"]

1.e4 c5 2.Nf3 d6 3.Bb5+ Nc6 4.O-O Bd7 5.c3 a6 6.Ba4 Nf6 7.Re1 b5 8.Bc2 Bg4
9.h3 Bh5 10.g4 Bg6 11.a4 h5 12.g5 Nh7 13.axb5 axb5 14.Rxa8 Qxa8 15.d3 e5
16.Na3 Qc8 17.Kh2 Be7 18.Nxb5 O-O 19.Bb3 Kh8 20.Rg1 Qd7 21.Na3 Nd8 22.Nc4 Ne6
23.Nb6 Qd8 24.Nd5 Nhxg5 25.Nh4 Nh7 26.Nf5 Bg5 27.Bxg5 Nexg5 28.f4 exf4 29.Nxf4 Qf6
30.Kh1 Bxf5 31.Nxh5 Bxe4+ 32.dxe4 Qh6 33.Qg4 g6 34.Nf4 Nxe4 35.Kg2 Nhf6 36.Qf3 Nd2
37.Qe3 Nxb3 38.Kf3 g5 39.Nd3 Qxh3+ 40.Rg3 Qf5+ 41.Kg2 Qe4+  0-1

[Event "2nd Polugaevsky Mem"]
[Site "Samara RUS"]
[Date "2012.07.08"]
[Round "4.24"]
[White "Mokshanov,A"]
[Black "Sazonova,E"]
[Result "1-0"]
[WhiteElo "2413"]
[BlackElo "2159"]

1.e4 c5 2.Nf3 d6 3.Bb5+ Bd7 4.Bxd7+ Qxd7 5.O-O Nc6 6.c3 Nf6 7.Re1 e6 8.d4 cxd4
9.cxd4 d5 10.e5 Ne4 11.Nbd2 Nxd2 12.Bxd2 Be7 13.Rc1 O-O 14.Rc3 Rfc8 15.a3 b5
16.Rd3 Qd8 17.h4 h6 18.Nh2 Bf8 19.Qg4 Kh8 20.Rf3 Qe8 21.Qf4 Rc7 22.Ng4 a5
23.Rc1 Rac8 24.Kh1 b4 25.axb4 axb4 26.Rd1 Rb7 27.h5 Ra8 28.Rc1 Ra2 29.Nf6 gxf6
30.exf6 Ne7 31.fxe7 Qxe7 32.Rc8 Kh7 33.Rg3 Ra1+ 34.Kh2 f5 35.Rg6 Qd6 36.Rxh6+ Kg7
37.Rg6+ Kf7 38.Rxf8+ Qxf8 39.Qe5 Qb8 40.Rg7+ Kf8 41.Rxb7 Qxb7 42.Qh8+  1-0

[Event "World Blitz Final"]
[Site "Astana KAZ"]
[Date "2012.07.09"]
[Round "13"]
[White "Bologan,V"]
[Black "Le Quang Liem"]
[Result "0-1"]
[WhiteElo "2732"]
[BlackElo "2693"]

1.e4 c5 2.Nf3 d6 3.Bb5+ Bd7 4.Bxd7+ Qxd7 5.c4 Nf6 6.Nc3 g6 7.d4 cxd4 8.Nxd4 Bg7
9.h3 Qc7 10.b3 Qa5 11.Bd2 Nc6 12.Nf3 O-O 13.O-O Rfc8 14.Re1 a6 15.Nd5 Qd8
16.Bc3 Nxd5 17.Bxg7 Ne3 18.Rxe3 Kxg7 19.a4 Qa5 20.Rd3 Ne5 21.Nxe5 Qxe5 22.Qe1 Rc5
23.Rad1 Rac8 24.Qe2 Qf6 25.Rf3 Qe6 26.Qb2+ Qe5 27.Qxe5+ Rxe5 28.Re3 b5 29.cxb5 axb5
30.Ra1 Rec5 31.Kf1 Kf6 32.a5 b4 33.a6 Ra8 34.Ra4 Rc6 35.Rxb4 Raxa6 36.g4 Ra1+
37.Kg2 g5 38.Rb5 h6 39.e5+ dxe5 40.Rbxe5 e6 41.Rb5 Rb1 42.Rb7 Kg6 43.Rf3 f5
44.gxf5+ exf5 45.Rd3 Kh5 46.Rb5 f4 47.Rb8 Kh4 48.Rh8 Rb2 49.Rf3 h5 50.Rd8 Rc1
51.Rfd3 Rcc2 52.Rf3 Rc1 53.Rfd3 Rbb1 54.Rg3 Rg1+ 55.Kf3 fxg3 56.Rd4+ Kxh3  0-1

[Event "119th ch-SCO 2012"]
[Site "Glasgow SCO"]
[Date "2012.07.09"]
[Round "3.30"]
[White "Emery,Keith"]
[Black "Lindner,D"]
[Result "1/2-1/2"]
[WhiteElo "1955"]
[BlackElo "2198"]

1.e4 c5 2.Nf3 d6 3.Bb5+ Nd7 4.b3 Nf6 5.e5 dxe5 6.Nxe5 e6 7.Qf3 Bd6 8.Bxd7+ Bxd7
9.Nxd7 Qxd7 10.Bb2 Be7 11.Nc3 O-O 12.Ne4 Nxe4 13.Qxe4 Rfd8 14.O-O-O Rac8
15.Qg4 f6 16.Rhe1 e5 17.Qxd7 Rxd7 18.d3 Rcd8 19.Bc3 Kf7 20.f3 Bd6 21.Re4 b5
22.a4 a6 23.Kd2 Ra7 24.axb5 axb5 25.Ree1 Rda8 26.Ra1 Rxa1 27.Rxa1 Rxa1 28.Bxa1 b4
29.h3 Ke6 30.Bb2 Kd5 31.Ke2 f5 32.g4 g6 33.Ke3 Bc7 34.Kf2 Bd8 35.c4+ bxc3
36.Bxc3 Bg5 37.Ke2 Bf4 38.Ba5 Kd4 39.Bb6 Kd5 40.Ba5 Bc1 41.Bc3 Ba3 42.Ke3 Bc1+
43.Ke2 Bg5 44.Bb2 Bd8 45.Bc3 Bc7 46.Ke3 Bb6 47.Ke2 fxg4 48.hxg4 h5 49.gxh5 gxh5
50.Kf1 Ke6 51.Kg2 Kf5 52.Bd2 Bd8 53.Kh3 Bg5 54.Ba5 Be3 55.Kg3 h4+ 56.Kxh4 Kf4
57.b4 cxb4 58.Bxb4 Kxf3 59.Bd6 Bd4 60.Bxe5 Bxe5  1/2-1/2

[Event "22nd HOF Open 2012"]
[Site "Jyvaskyla FIN"]
[Date "2012.07.09"]
[Round "1"]
[White "Laine,Pan"]
[Black "Agopov,M"]
[Result "0-1"]
[WhiteElo "2195"]
[BlackElo "2442"]

1.e4 c5 2.Nf3 d6 3.Bb5+ Nc6 4.c3 Nf6 5.d4 cxd4 6.cxd4 Qa5+ 7.Nc3 Nxe4 8.O-O Nxc3
9.Bxc6+ bxc6 10.bxc3 Bg4 11.c4 e6 12.Qb3 Qb6 13.Qa4 Bxf3 14.gxf3 Rc8 15.Be3 Be7
16.Rfb1 Qc7 17.Qa6 O-O 18.Rb7 Qd8 19.Rab1 Bg5 20.f4 Bh6 21.Rxa7 Qf6 22.Rbb7 Bxf4
23.Bxf4 Qxf4 24.Rxf7 Qg4+ 25.Kf1 Rxf7 26.Rxf7 Rb8 27.Rb7 Rf8 28.Qxc6 Qxd4
29.f3 h6 30.Rd7 Rf6 31.Rd8+ Kh7 32.Qa8 Qxc4+ 33.Kf2 Qc2+ 34.Ke3 Qc3+ 35.Ke2 d5
36.Rh8+ Kg6 37.Qe8+ Kg5 38.h4+ Kxh4  0-1

[Event "86th ch-ARG 2012"]
[Site "La Plata ARG"]
[Date "2012.07.09"]
[Round "8.1"]
[White "Lorenzini,M"]
[Black "Mareco,S"]
[Result "1-0"]
[WhiteElo "2466"]
[BlackElo "2586"]

1.e4 c5 2.Nf3 d6 3.Bb5+ Nd7 4.c3 Nf6 5.Qe2 a6 6.Ba4 e6 7.d4 b5 8.Bc2 Bb7
9.O-O Be7 10.Re1 cxd4 11.cxd4 Rc8 12.Bd3 O-O 13.Nbd2 e5 14.d5 Nc5 15.Bc2 Nfd7
16.Nf1 a5 17.Ng3 g6 18.Bh6 Re8 19.Rac1 b4 20.b3 Bf8 21.Be3 Ba6 22.Qd2 Nf6
23.h3 Re7 24.Ra1 Rb7 25.Rec1 Be7 26.a3 Nfd7 27.axb4 axb4 28.Ra2 h5 29.h4 Bb5
30.Ng5 Nf6 31.f3 Nh7 32.Rca1 Nxg5 33.hxg5 Nd7 34.Ra7 Rxa7 35.Rxa7 Rc3 36.Rb7 Qa5
37.Ne2 Bxe2 38.Rxd7 Qa2 39.Bd1 Qxd2 40.Bxd2 Rd3 41.Bxe2 Rxd2 42.Rxe7 Rxe2
43.Rb7 Kf8 44.Rxb4 Rb2 45.Rb7 Ke8 46.Kh2 Rb1 47.b4 Rb3 48.b5 Rb2 49.b6 Rb1
50.Kg3 Rb2 51.Kh3 Rb3 52.Kh4 Rb1 53.g4 Rh1+ 54.Kg3 h4+ 55.Kg2 Rb1 56.Kh2 Kf8
57.Kg2 Ke8 58.Kh2 Kf8 59.Rb8+ Ke7 60.Kg2 Kd7 61.Kh3 Rh1+ 62.Kg2 Rb1 63.b7 Ke7
64.Kh2 Rb3 65.Kg2 Rb1 66.Rh8 Rxb7 67.Rxh4 Rb2+ 68.Kg3 Kd7 69.Rh2 Rb3 70.Re2 Ra3
71.Rd2 Ke7 72.Kf2 Rb3 73.Ke2 Ra3 74.Rd3 Ra2+ 75.Rd2 Ra3 76.Rd3 Ra2+ 77.Ke3 Ra1
78.Rc3 Kd7 79.Kd3 Rb1 80.Kc4 Kc7 81.Rb3 Rc1+ 82.Kb5 Ra1 83.Kb4 Kd7 84.Ra3 Rb1+
85.Kc4 Rc1+ 86.Kb5 Rb1+ 87.Ka6 Kc7 88.Rc3+ Kd7 89.Rc6 Rb3 90.Rb6 Rxf3 91.Rb7+ Kc8
92.Re7 Kd8 93.Ra7 Rc3 94.Rxf7 Ke8 95.Rg7 Rc4 96.Kb6 Rxe4 97.Kc6 Rxg4 98.Kxd6 Rxg5
99.Ke6 Kf8 100.Rf7+ Kg8 101.d6 Rg1 102.d7 Rd1 103.Re7  1-0

[Event "5th Int ch-Central Serbia 2012"]
[Site "Paracin SRB"]
[Date "2012.07.09"]
[Round "4.42"]
[White "Drobne,M"]
[Black "Todorovic,Nenad I"]
[Result "0-1"]
[WhiteElo "2123"]
[BlackElo "2001"]

1.e4 c5 2.Nf3 d6 3.Bb5+ Nc6 4.O-O Bd7 5.Re1 Nf6 6.c3 a6 7.Ba4 c4 8.d3 cxd3
9.Qxd3 e6 10.Nbd2 b5 11.Bc2 Qc7 12.Nf1 Be7 13.Bg5 Ne5 14.Nxe5 dxe5 15.Rad1 h6
16.Bxf6 Bxf6 17.Ne3 h5 18.c4 Be7 19.a3 Rc8 20.Bb3 Bc6 21.Ba2 O-O 22.b4 Qb7
23.Bb1 Rfd8 24.Qc2 Rd4 25.Rxd4 exd4 26.Nf1 bxc4 27.Qxc4 Re8 28.Nd2 Bb5 29.Qc2 d3
30.Qd1 Qc6 31.Re3 Bg5 32.Rg3 Bxd2 33.Qxd2 Rc8  0-1

[Event "5th Int ch-Central Serbia 2012"]
[Site "Paracin SRB"]
[Date "2012.07.09"]
[Round "4.7"]
[White "Ulibin,M"]
[Black "Martic,I SRB"]
[Result "1-0"]
[WhiteElo "2531"]
[BlackElo "2402"]

1.e4 c5 2.Nf3 d6 3.Bb5+ Bd7 4.Bxd7+ Qxd7 5.O-O Nc6 6.c3 Nf6 7.d4 Nxe4 8.d5 Ne5
9.Re1 Nxf3+ 10.Qxf3 Nf6 11.c4 e5 12.dxe6 fxe6 13.Bg5 Be7 14.Nc3 h6 15.Bh4 O-O
16.Qh3 Kf7 17.f4 Rad8 18.Rad1 Rg8 19.Qf3 Qc6 20.Qe2 Qd7 21.Rd3 g5 22.fxg5 hxg5
23.Bg3 Rg6 24.Nb5 d5 25.Nc7 d4 26.Nxe6 Re8 27.Qe5 b6 28.Qf5 Bd6 29.Nxg5+ Kg7
30.Qxd7+ Nxd7 31.Rxe8 Bxg3 32.Rxg3  1-0

[Event "2nd Polugaevsky Mem"]
[Site "Samara RUS"]
[Date "2012.07.09"]
[Round "5.34"]
[White "Popelyshev,I"]
[Black "Purygin,A"]
[Result "0-1"]
[WhiteElo "2095"]
[BlackElo "2249"]

1.e4 c5 2.Nf3 d6 3.Bb5+ Nd7 4.O-O Nf6 5.Re1 g6 6.a4 Bg7 7.d3 O-O 8.Nc3 Ng4
9.h3 Nge5 10.Nxe5 Nxe5 11.f4 Nc6 12.Be3 Nd4 13.Bc4 e6 14.Qd2 b6 15.Nd1 d5
16.Ba2 Bb7 17.c3 Nc6 18.exd5 exd5 19.d4 c4 20.Nf2 Qd7 21.Bb1 f5 22.Bc2 Nd8
23.b4 Nf7 24.Nh1 Nd6 25.Bf2 a5 26.b5 Bh6 27.Bh4 Ne4 28.Bxe4 dxe4 29.Qe3 Qd6
30.Rf1 Kh8 31.Be1 g5 32.g3 Rg8 33.Kh2 Rg6 34.Bd2 Rag8 35.Rg1 Qc7 36.Qf2 e3
37.Bxe3 gxf4 38.Bc1 fxg3+ 39.Nxg3 f4  0-1

[Event "Werner-Ott-Open 2012"]
[Site "Berlin GER"]
[Date "2012.07.10"]
[Round "4.15"]
[White "Nagel,G"]
[Black "Lerch,Ph"]
[Result "1/2-1/2"]
[WhiteElo "1939"]
[BlackElo "2092"]

1.e4 c5 2.Nf3 d6 3.Bb5+ Nd7 4.O-O Nf6 5.Re1 e6 6.c3 Be7 7.d4 cxd4 8.Qxd4 O-O
9.b3 a6 10.Bd3 Ng4 11.Bc2 Nge5 12.Qe3 Nxf3+ 13.Qxf3 Ne5 14.Qe2 Qc7 15.Bb2 Bf6
16.Nd2 Ng6 17.Qe3 b5 18.Rac1 Bb7 19.Bb1 d5 20.Nf3 dxe4 21.Bxe4 Bxe4 22.Qxe4 Qf4
23.Ba3 Rfc8 24.c4 bxc4 25.bxc4 Qxe4 26.Rxe4 Rab8 27.Re2 Rc6 28.g3 Rbc8 29.Rec2 h6
30.Kf1 Bg5 31.Nxg5 hxg5 32.Bb2 f6 33.Ke2 Kf7 34.Bd4 Rh8 35.Rh1 Ne7 36.f3 Nf5
37.Bf2 Nd6 38.c5 Nb5 39.a4 Nc7 40.Rb2 Nd5 41.Rb3 Rcc8 42.h4 gxh4 43.Rxh4 Rxh4
44.gxh4 Rc7 45.Kd3 Ke7 46.Kc4 Kd7 47.Bg3 Ra7 48.Rb8 Kc6 49.Rd8 Ne3+ 50.Kd3 Nf5
51.Bf2 Rd7+ 52.Rxd7 Kxd7 53.Kc4 Ne7 54.Kb4 Nc6+ 55.Kc3 Ne5 56.f4 Nc6 57.Kc4 Ke7
58.h5 Kd7  1/2-1/2

[Event "FSFMA2 July 2012"]
[Site "Budapest HUN"]
[Date "2012.07.10"]
[Round "4.2"]
[White "Mayer,I"]
[Black "Laza,S"]
[Result "0-1"]
[WhiteElo "2106"]
[BlackElo "1938"]

1.e4 c5 2.Nf3 d6 3.Bb5+ Bd7 4.a4 Nf6 5.e5 dxe5 6.Nxe5 e6 7.Nc3 a6 8.Be2 Nc6
9.Nxd7 Qxd7 10.Bf3 Be7 11.O-O O-O 12.g3 Nd5 13.Bg2 Nd4 14.d3 Nb4 15.Bf4 Nbxc2
16.Rc1 Nb4 17.Ne4 Rac8 18.Be3 Nxd3 19.Rc4 Nxb2  0-1

[Event "9th South Wales Int"]
[Site "Penarth WLS"]
[Date "2012.07.10"]
[Round "5.5"]
[White "Rayner,F"]
[Black "Duncan,C"]
[Result "1/2-1/2"]
[WhiteElo "2160"]
[BlackElo "2318"]

1.e4 c5 2.Nf3 d6 3.Bb5+ Bd7 4.c4 Nc6 5.d4 cxd4 6.Nxd4 Nf6 7.Nc3 e6 8.O-O Be7
9.Be3 O-O 10.h3 Qc7 11.Rc1 Nxd4 12.Qxd4 Rfd8 13.Rfd1 a6 14.Bxd7 Nxd7 15.b3 Rac8
16.Qd2 Qb8 17.Bg5 Nf6 18.Qe2 Qc7 19.Rd3 Qc5 20.Rg3 Qe5 21.Kh1 Qc5  1/2-1/2

[Event "4th Rethymno Open"]
[Site "Rethymno GRE"]
[Date "2012.07.10"]
[Round "5.6"]
[White "Markidis,K"]
[Black "Shyam,SM"]
[Result "0-1"]
[WhiteElo "2291"]
[BlackElo "2486"]

1.e4 c5 2.Nf3 d6 3.Bb5+ Nd7 4.d4 Nf6 5.Nc3 cxd4 6.Qxd4 e5 7.Qd3 h6 8.Be3 a6
9.Bxd7+ Bxd7 10.a4 Rc8 11.O-O Qc7 12.Nd2 Be6 13.a5 Be7 14.Rfc1 Qc6 15.Ra4 O-O
16.Rb4 d5 17.Rb6 Qd7 18.exd5 Nxd5 19.Nxd5 Qxd5 20.Qxd5 Bxd5 21.c4 Bc6 22.Rb3 f5
23.Bb6 Bg5 24.Be3 f4 25.Bb6 e4 26.Re1 Rce8 27.Rc3 Rf5 28.b4 Bf6 29.Rcc1 Bh4
30.g3 Bg5 31.gxf4 Bxf4 32.Be3 Bd6 33.c5 Bc7 34.Nc4 Re6 35.Re2 Rg6+ 36.Kf1 Bxh2
37.Ke1 Rd5 38.f4 Bg3+ 39.Kf1 Rf6 40.Nd6 Rd3 41.Rc4 Bxf4 42.Bxf4 Rxf4+ 43.Ke1 Bd5
44.Rcc2 e3 45.b5 Rh4  0-1

[Event "2nd Polugaevsky Mem"]
[Site "Samara RUS"]
[Date "2012.07.10"]
[Round "6.17"]
[White "Travkina,A"]
[Black "Fedoseev,Vl3"]
[Result "1/2-1/2"]
[WhiteElo "2169"]
[BlackElo "2506"]

1.e4 c5 2.Nf3 d6 3.Bb5+ Nc6 4.O-O e5 5.Re1 g5 6.d4 g4 7.d5 a6 8.dxc6 axb5
9.cxb7 Bxb7 10.Nfd2 h5 11.Nc3 Qd7 12.Nf1 f5 13.a4 Nf6 14.Bg5 Nxe4 15.Nxe4 Bxe4
16.axb5 Rxa1 17.Qxa1 Be7 18.Bxe7 Kxe7 19.Ng3 Bd5 20.b4 h4 21.Ne2 Rc8 22.Qc1 cxb4
23.Qg5+ Ke8 24.Nd4 g3 25.hxg3 hxg3 26.Qxg3 Kf8 27.Nc6 Bxc6 28.bxc6 Rxc6 29.Qh4 Rxc2
30.Qxb4 Qe7 31.Qb8+ Kg7 32.Re3 Rc1+ 33.Kh2 Rc4 34.Rb3 Qf8 35.Qb7+ Qf7 36.Qb8 Qf8
37.Qb7+ Kf6 38.Rh3 Rg4 39.Qd7 Rg8 40.Rd3 Rg7 41.Rxd6+ Kg5 42.Qc6 Rh7+ 43.Kg1 Rh6
44.Rxh6  1/2-1/2

[Event "Irish Championships 2012"]
[Site "Dublin IRL"]
[Date "2012.07.11"]
[Round "5.7"]
[White "King,Melvyn"]
[Black "Courtney,John"]
[Result "0-1"]
[WhiteElo "1890"]
[BlackElo "1999"]

1.e4 c5 2.Nf3 d6 3.Bb5+ Bd7 4.Bxd7+ Qxd7 5.c4 g6 6.O-O Bg7 7.d3 Nc6 8.Qe2 e6
9.Nc3 a6 10.Bd2 Nge7 11.Rab1 Nd4 12.Nxd4 cxd4 13.Nd1 O-O 14.b3 f5 15.f3 f4
16.Nb2 e5 17.g4 g5 18.h3 h5 19.Qg2 Kf7 20.Kf2 Bf6 21.Rh1 Rh8 22.gxh5 Qc7
23.Ke2 Rxh5 24.Rbc1 Rah8 25.Na4 b6 26.Qg4 Qd8 27.Rh2 b5 28.Nb2 Rh4 29.Qg2 Qd7
30.Rch1 bxc4 31.Nxc4 d5 32.exd5 Nxd5 33.Be1 R4h7 34.Qg4 Qxg4 35.fxg4 Ke6
36.Kf3 Rc8 37.Rc2 Rhc7 38.Rhh2 Ne3 39.Nxe3 dxe3 40.Rc4 Rxc4 41.dxc4 Be7 42.Bc3 Rd8
43.Ke4 Rd1 44.Kf3 Rc1 45.Bb2 Rf1+ 46.Ke2 Rb1 47.Kf3 Bb4 48.Rc2 Rf1+ 49.Kg2 Rd1
50.Kf3 Rd2 51.Rxd2 exd2 52.Ke2 f3+ 53.Kd1 f2  0-1

[Event "St. Pauli Open 2012"]
[Site "Hamburg GER"]
[Date "2012.07.11"]
[Round "5.11"]
[White "Krause,Benedict"]
[Black "Nedic,D"]
[Result "1-0"]
[WhiteElo "1985"]
[BlackElo "2296"]

1.e4 c5 2.Nf3 d6 3.Bb5+ Bd7 4.Bxd7+ Qxd7 5.c4 Nc6 6.d4 cxd4 7.Nxd4 g6 8.Nc3 Bg7
9.Nde2 Nf6 10.f3 O-O 11.O-O a6 12.a4 e6 13.Bg5 Qc7 14.b3 Nd7 15.Rb1 h6 16.Bh4 Nc5
17.Qd2 Na5 18.Qc2 Ncxb3 19.Rxb3 Nxb3 20.Qxb3 Rfc8 21.Rc1 Qxc4 22.Qxb7 Rab8
23.Qd7 Qc5+ 24.Bf2 Qa3 25.Be1 Bd4+ 26.Kf1 Rd8 27.Qc6 Rb6 28.Qc7 Rdb8 29.a5 R6b7
30.Qc4 Be3 31.Rd1 Bc5 32.Qxa6 Ra7 33.Qc4 Qxa5 34.e5 d5 35.Nxd5 exd5 36.Rxd5 Rb1
37.Nc3 Rxe1+ 38.Kxe1 Qa1+ 39.Rd1 Qa5 40.Ke2 Rb7 41.Ne4 Rb4 42.Qd5 Qa6+ 43.Qd3 Rb2+
44.Rd2 Rxd2+ 45.Nxd2 Qxd3+ 46.Kxd3 Bg1 47.h3 Bh2 48.Ke4 Kf8 49.f4 Ke7 50.Nf3 Bg3
51.f5 gxf5+ 52.Kxf5 Bf2 53.Nd2 Bh4 54.Ne4 Kf8 55.Kg4 Bd8 56.Kh5 Kg7 57.h4 Bb6
58.Nd6 Kf8 59.Kxh6 Bd4 60.Nc4 Kg8 61.Kg5 Kg7 62.g4 Bc5 63.Kf5 Bf2 64.h5 Bh4
65.g5  1-0

[Event "34th Oberwart Open A"]
[Site "Oberwart AUT"]
[Date "2012.07.11"]
[Round "5.16"]
[White "Schwab,R"]
[Black "Proyer,E"]
[Result "1-0"]
[WhiteElo "2244"]
[BlackElo "1849"]

1.e4 c5 2.Nf3 d6 3.Bb5+ Bd7 4.a4 Nc6 5.O-O Nf6 6.Re1 a6 7.Bf1 e6 8.c3 Be7
9.d4 cxd4 10.cxd4 O-O 11.Nc3 Qc7 12.Bg5 h6 13.Bh4 Rfe8 14.Rc1 Qb6 15.Qd2 Na5
16.Rb1 Nb3 17.Qd1 Rac8 18.e5 Nd5 19.Bxe7 Nxe7 20.exd6 Nf5 21.Ne5 Rcd8 22.d5 Nxd6
23.Nxd7 Rxd7 24.dxe6 Rxe6 25.Rxe6 fxe6 26.Bc4 Nc5 27.Qe2 Nxc4 28.Qxc4 Nd3
29.Nd1 Rd4 30.Qc8+ Rd8 31.Qc3 Qd4 32.Ne3 Nc5 33.Qc2 Qd3 34.Rd1 Qxc2 35.Rxd8+  1-0

[Event "2nd Polugaevsky Mem"]
[Site "Samara RUS"]
[Date "2012.07.11"]
[Round "7.9"]
[White "Mokshanov,A"]
[Black "Kokarev,Dm"]
[Result "1/2-1/2"]
[WhiteElo "2413"]
[BlackElo "2616"]

1.e4 c5 2.Nf3 d6 3.Bb5+ Nd7 4.d4 cxd4 5.Qxd4 a6 6.Bxd7+ Bxd7 7.O-O e5 8.Qd3 h6
9.a4 Nf6 10.a5 Bc6 11.Re1 b5 12.axb6 Qxb6 13.c4 Be7 14.Nc3 O-O 15.Be3 Qb7
16.Nd2 Ng4 17.Nd5 Bxd5 18.Qxd5 Qxb2 19.Reb1 Nxe3 20.Rxb2 Nxd5 21.cxd5 Rfc8
22.Rba2 Bg5 23.Nb3 Rab8 24.Na5 Rb4 25.f3 Be3+ 26.Kf1 Rb6 27.Nc6 Ra8 28.Rc2 Kf8
29.Ke2 Bg5 30.Na5 Rb5 31.Nc4 Be7 32.Rca2 Rb4 33.Rxa6 Rxa6 34.Rxa6 Rxc4 35.Ra8+ Bd8
36.Rxd8+ Ke7 37.Ra8 Rc2+ 38.Kf1 h5 39.Ra7+ Ke8 40.Ra8+ Ke7 41.Ra7+ Ke8 42.Ra8+  1/2-1/2

[Event "Werner-Ott-Open 2012"]
[Site "Berlin GER"]
[Date "2012.07.12"]
[Round "6.9"]
[White "Wallgren,U"]
[Black "Johansson,G1"]
[Result "1/2-1/2"]
[WhiteElo "2086"]
[BlackElo "2225"]

1.e4 c5 2.Nf3 d6 3.Bb5+ Nd7 4.c3 a6 5.Ba4 Nf6 6.Qe2 b5 7.Bc2 Bb7 8.d4 e5
9.O-O Be7 10.Rd1 Qc7 11.d5 O-O 12.Nbd2 Nh5 13.Nf1 g6 14.Bh6 Rfe8 15.Qd2 Qd8
16.g4 Nhf6 17.h3 Bf8 18.Ng3 Bxh6 19.Qxh6 Kh8 20.Kh2 c4 21.Rg1 Ng8 22.Qd2 Qf6
23.Ne1 Nc5 24.Qe2 Qg7 25.Ng2 Ne7 26.Ne3 Qf6 27.Raf1 Rf8 28.Ng2 Rae8 29.f3 Qg7
30.Qd2 f6 31.Rf2 g5  1/2-1/2

[Event "Werner-Ott-Open 2012"]
[Site "Berlin GER"]
[Date "2012.07.12"]
[Round "6.6"]
[White "Lehmann,Kl"]
[Black "Niehaus,F"]
[Result "1-0"]
[WhiteElo "2348"]
[BlackElo "2214"]

1.e4 c5 2.Nf3 d6 3.Bb5+ Bd7 4.Bxd7+ Qxd7 5.c4 Nc6 6.d4 cxd4 7.Nxd4 Nf6 8.f3 g6
9.Be3 Bg7 10.Nc3 O-O 11.Qd2 Rfc8 12.Nde2 Qd8 13.Rc1 Qa5 14.b3 a6 15.Na4 Qxd2+
16.Kxd2 Nd7 17.Nb6 Nxb6 18.Bxb6 Ne5 19.Nc3 Rc6 20.Be3 Kf8 21.Rc2 e6 22.Rhc1 Ke7
23.Ne2 Rd8 24.Nf4 Rf8 25.Ke2 Nd7 26.Nd3 f5 27.exf5 Rxf5 28.Rd1 Rf8 29.Rcd2 Bc3
30.Rc2 Bg7 31.Nb4 Rc7 32.Bg5+ Bf6 33.Bxf6+ Nxf6 34.Rcd2 Rd8 35.Kf2 a5 36.Nc2 a4
37.Nd4 axb3 38.axb3 Rc5 39.Re2 e5 40.Nb5 Ke6 41.Rde1 Kf7 42.Nc3 Ra5 43.Nb5 Ke7
44.Rd1 Ra6 45.c5 d5 46.Rxe5+ Re6 47.Rxe6+ Kxe6 48.Nd6 Rb8 49.Nb5 Rc8 50.b4 Kd7
51.Ra1 Ne8 52.Ra7 Rb8 53.Ke3 Kc6 54.Nd4+ Kc7 55.b5 Kd7 56.Nc6  1-0

[Event "St. Pauli Open 2012"]
[Site "Hamburg GER"]
[Date "2012.07.12"]
[Round "6.13"]
[White "Stenner,P"]
[Black "Bildat,J"]
[Result "1-0"]
[WhiteElo "2237"]
[BlackElo "2090"]

1.e4 c5 2.Nf3 d6 3.Bb5+ Bd7 4.Bxd7+ Qxd7 5.c4 Nf6 6.Nc3 g6 7.O-O Bg7 8.d4 cxd4
9.Nxd4 O-O 10.Bg5 Rc8 11.b3 Nc6 12.Nc2 h6 13.Bd2 e6 14.Ne3 a6 15.Qf3 Nd4
16.Qh3 b5 17.Rad1 Rc5 18.Ng4 Nxg4 19.Qxg4 h5 20.Qh3 Qc6 21.Be3 e5 22.Nd5 Kh8
23.g4 bxc4 24.gxh5 g5 25.h6 Bf8 26.Rxd4 exd4 27.Bxd4+ Kh7 28.Nf6+ Kh8 29.Nd5+ Kh7
30.Qf5+ Kxh6 31.Qf6+ Kh5 32.Qxf7+ Kh6 33.Nf6 g4 34.Be3+ Rg5 35.Nxg4+  1-0

[Event "6th LCT GpA 2012"]
[Site "Leiden NED"]
[Date "2012.07.12"]
[Round "6.8"]
[White "Ypma,P"]
[Black "Arun Prasad,S"]
[Result "0-1"]
[WhiteElo "2175"]
[BlackElo "2518"]

1.e4 c5 2.Nf3 d6 3.Bb5+ Nd7 4.d4 cxd4 5.Qxd4 a6 6.Bxd7+ Bxd7 7.Nc3 Rc8 8.Bg5 h6
9.Bh4 e5 10.Qd3 g5 11.Bg3 Nf6 12.Nd2 b5 13.a3 Qa5 14.h4 Rg8 15.hxg5 hxg5
16.O-O-O Qb6 17.Nd5 Nxd5 18.exd5 f5 19.f3 Rc7 20.Rdf1 Qb7 21.Bf2 g4 22.fxg4 Rxg4
23.Rh8 Bc8 24.Rfh1 Rcg7 25.g3 Qf7 26.Kb1 Rg8 27.R8h7 R8g7 28.Rh8 Rg8 29.R8h7 Bg7
30.Ka1 Bb7 31.c4 Kd7 32.cxb5 Qxd5 33.Qxf5+ Qe6 34.Qxe6+ Kxe6 35.bxa6 Bxh1
36.Rxh1 Rf8 37.a7 Kd7 38.Rc1 Bh6 39.Rc4 Rgg8 40.Ne4 d5 41.Nc5+ Kc6 42.Rb4 d4
43.Na4 Bd2 44.Rb6+ Kc7 45.Ra6 Rxf2 46.a8=Q Rxa8 47.Rxa8 e4 48.Re8 e3 49.Nc5 e2
50.Nd3 Rf1+ 51.Ka2 Be3 52.Rh8 e1=Q 53.Nxe1 Rxe1 54.Kb3 d3  0-1

[Event "20th Metropolitan IM"]
[Site "Los Angeles USA"]
[Date "2012.07.12"]
[Round "3"]
[White "Manukian,G"]
[Black "Viswanadha,Kesav"]
[Result "1/2-1/2"]
[WhiteElo "2276"]
[BlackElo "2015"]

1.e4 c5 2.Nf3 d6 3.Bb5+ Nd7 4.Nc3 a6 5.Bxd7+ Bxd7 6.d4 cxd4 7.Qxd4 e5 8.Qd3 Rc8
9.O-O h6 10.Rd1 Nf6 11.h3 Be7 12.Be3 O-O 13.a4 Be6 14.Nh4 Qc7 15.Nf5 Bxf5
16.exf5 Rfd8 17.Nd5 Nxd5 18.Qxd5 Qxc2 19.Qxb7 Bf8 20.Qxa6  1/2-1/2

[Event "5th Int ch-Central Serbia 2012"]
[Site "Paracin SRB"]
[Date "2012.07.12"]
[Round "8.27"]
[White "Cabarkapa,N"]
[Black "Todorovic,Nenad I"]
[Result "0-1"]
[WhiteElo "2254"]
[BlackElo "2001"]

1.e4 c5 2.Nf3 d6 3.Bb5+ Nc6 4.O-O Bd7 5.Re1 Nf6 6.c3 a6 7.Bf1 Bg4 8.h3 Bh5
9.g4 Bg6 10.d4 e5 11.d5 Nb8 12.Nbd2 Be7 13.b4 Nbd7 14.a4 b6 15.Nh2 h5 16.Bg2 hxg4
17.hxg4 Nh7 18.Nc4 Qc7 19.f4 cxb4 20.Bf1 exf4 21.cxb4 Ne5 22.Qb3 Bh4 23.Rd1 Bg3
24.Nxe5 Bxh2+ 25.Kxh2 Ng5+ 26.Kg1 dxe5 27.Bg2 Qd7 28.d6 Qxg4 29.d7+ Kd8 30.Qd5 Bxe4  0-1

[Event "2nd Polugaevsky Mem"]
[Site "Samara RUS"]
[Date "2012.07.12"]
[Round "8.18"]
[White "Travkina,A"]
[Black "Bukavshin,I"]
[Result "0-1"]
[WhiteElo "2169"]
[BlackElo "2487"]

1.e4 c5 2.Nf3 d6 3.Bb5+ Nc6 4.O-O Bd7 5.Re1 Nf6 6.c3 a6 7.Bf1 Bg4 8.h3 Bxf3
9.Qxf3 g6 10.d3 Bg7 11.Be3 Nd7 12.Nd2 b5 13.a3 O-O 14.Rad1 Nb6 15.Nb3 e5
16.Qg3 Na4 17.Re2 Qd7 18.Red2 Rae8 19.Qh4 f5 20.f4 Qf7 21.Nc1 fxe4 22.f5 d5
23.Rf2 gxf5 24.dxe4 dxe4 25.b3 Nxc3 26.Rd6 Nd4 27.Bd2 f4 28.Bxc3 Nf5 29.Qg4 Nxd6
30.Ne2 Qg6 31.Qd7 Nf5  0-1

[Event "Int Open ch-SVK 2012"]
[Site "Banska Stiavnica SVK"]
[Date "2012.07.13"]
[Round "7.18"]
[White "Borosova,Z"]
[Black "Wozniak,Mari"]
[Result "1/2-1/2"]
[WhiteElo "2291"]
[BlackElo "1891"]

1.e4 c5 2.Nf3 d6 3.Bb5+ Bd7 4.Bxd7+ Nxd7 5.O-O e6 6.b3 Ngf6 7.Qe2 Be7 8.Bb2 O-O
9.c4 a6 10.d4 cxd4 11.Nxd4 Nc5 12.Nc3 Qb6 13.Rad1 Rfd8 14.Kh1 Rac8 15.f4 Bf8
16.Qf3 Qc7 17.f5 e5 18.Nc2 b5 19.cxb5 axb5 20.Nb4 Qa5 21.a3 Nxb3 22.Ncd5 Nxd5
23.Rxd5 Nc5 24.Qe2 Rd7 25.h4  1/2-1/2

[Event "11th Bergamo Open Elite"]
[Site "Bergamo ITA"]
[Date "2012.07.13"]
[Round "2.3"]
[White "Neiksans,A"]
[Black "Angelini,M"]
[Result "1/2-1/2"]
[WhiteElo "2534"]
[BlackElo "2192"]

1.e4 c5 2.Nf3 d6 3.Bb5+ Bd7 4.Bxd7+ Qxd7 5.O-O Nc6 6.c3 Nf6 7.d4 Nxe4 8.d5 Ne5
9.Re1 Nxf3+ 10.Qxf3 Nf6 11.c4 e5 12.dxe6 fxe6 13.Nc3 Be7 14.Bg5 O-O 15.Qh3 Kf7
16.Nd5 h6 17.Bxf6 Bxf6 18.Nxf6 Kxf6 19.Qh5 e5 20.Rad1 Rad8 21.Rd3 Ke7 22.g3 Qf5
23.Qe2 g5 24.Ra3 a6 25.Rb3 Rd7 26.Rb6 Rf6 27.b4 cxb4 28.Rxb4 Qf3 29.Qc2 Qf5
30.Qxf5 Rxf5 31.Reb1 Rf3 32.Rxb7 Rc3  1/2-1/2